| 000 | 00634nam a2200229 i 4500 | ||
|---|---|---|---|
| 001 | bg | ||
| 100 | 1 | _aKÉZDI, Árpád | |
| 245 | 1 | 0 |
_aHandbook of soil mechanics. Vol.2, Soil testing / _cby Árpád Kézdi. |
| 260 |
_aBudapest : _bAkadémiai Kiadó, _c1980. |
||
| 300 |
_a258 s. ; _cil. + _e30 cm. |
||
| 504 | _aBibliogr. | ||
| 650 | 9 | _aMechanika gruntów | |
| 020 | _a963 05 0025 6 (Series) | ||
| 020 | _a963 05 1776 0 (Vol. 2) | ||
| 040 | _cBPK | ||
| 041 | 0 | _aen | |
| 080 | _a624.131 | ||
| 920 | _a963 05 0025 6 (Series) | ||
| 920 | _a963 05 1776 0 (Vol. 2) | ||
| 942 | _cKS | ||
| 008 | s pl f |000 0 pol | ||
| 999 |
_c43236 _d43236 |
||
| 856 |
_uhttp://koha.tu.koszalin.pl/cgi-bin/koha/opac-detail.pl?biblionumber=43236 _yKatalog online BPK |
||